Movies Quiz

Random Movies or Animation Quiz

Pixar Movies With No Repeating Vowels Quiz Stats

 Plays Quiz Updated Nov 21, 2017

Also try: Movie Keychains
Challenge
Share
Tweet
Embed
Score 0/8 Timer 02:00
4 Plays Today
Pixar Movie % Correct
Cars
93.7%
Up
75.9%
A Bug's Life
67.1%
Cars 2
65.2%
Monsters, Inc.
63.7%
Brave
61.1%
Cars 3
58.8%
WALL-E
55.5%

You're not logged in!

Compare scores with friends on all Sporcle quizzes.
Join for Free
OR
Log In

You Might Also Like...

Show Comments

Extras

Top Quizzes Today


Score Distribution

Your Account Isn't Verified!

In order to create a playlist on Sporcle, you need to verify the email address you used during registration. Go to your Sporcle Settings to finish the process.

Report this User

Report this user for behavior that violates our Community Guidelines.

Details: